Memorias militares del General Don Ventura Rodríguez / (Record no. 131404)

MARC details
000 -LEADER
campo de control de longitud fija 00899nam a2200241 i 4500
001 - NÚMERO DE CONTROL
campo de control 131404
003 - IDENTIFICADOR DE NÚMERO DE CONTROL
campo de control ES-MaACL
005 - FECHA Y HORA DE LA ÚLTIMA TRANSACCIÓN
campo de control 20260113125241.0
007 - CAMPO FIJO DE DESCRIPCIÓN FÍSICA--INFORMACIÓN GENERAL
campo de control de longitud fija t|
008 - DATOS DE LONGITUD FIJA--INFORMACIÓN GENERAL
campo de control de longitud fija 070214s1919 uy r ||||1| spa d
100 1# - ENTRADA PRINCIPAL--NOMBRE DE PERSONA
Nombre de persona Rodríguez, Ventura
Títulos y otros términos asociados al nombre (Militar)
9 (RLIN) 163699
245 10 - MENCIÓN DEL TÍTULO
Título Memorias militares del General Don Ventura Rodríguez /
Mención de responsabilidad, etc. publicadas por Carlos Travieso.
260 ## - PUBLICACIÓN, DISTRIBUCIÓN, ETC.
Lugar de publicación, distribución, etc. Montevideo :
Nombre del editor, distribuidor, etc. Barreiro y Ramos,
Fecha de publicación, distribución, etc. 1919.
300 ## - DESCRIPCIÓN FÍSICA
Extensión 216 p., 4 lám. :
Otras características físicas `retr. aut` ;
Dimensiones 25 cm.
505 8# - NOTA DE CONTENIDO CON FORMATO
Nota de contenido con formato Contiene: Guerra Grande. Episodios de la defensa de Montevideo
530 ## - NOTA DISPONIBLE DE FORMULARIO FÍSICO ADICIONAL
Nota de formato físico adicional disponible Disponible en formato digital.
651 #4 - PUNTO DE ACCESO ADICIONAL DE MATERIA--NOMBRE GEOGRÁFICO
Nombre geográfico Montevideo-
Subdivisión general Historia-
Subdivisión cronológica 1843-1852 (Sitio)
9 (RLIN) 163700
700 1# - ENTRADA AGREGADA--NOMBRE PERSONAL
Nombre de persona Travieso, Carlos.
9 (RLIN) 111258
852 ## - LOCALIZACIÓN
Ubicación ES-MaACL
Número de control de estantería G-4938
Ubicación en estantería Depósito 2
856 4# - LOCALIZACIÓN Y ACCESO ELECTRÓNICOS
Identificador Uniforme de Recursos <a href="http://bdh-rd.bne.es/viewer.vm?id=0000041937&page=1 ">http://bdh-rd.bne.es/viewer.vm?id=0000041937&page=1 </a>
Texto de enlace (Biblioteca Digital Hispánica)
942 ## - ELEMENTOS DE ENTRADA SECUNDARIOS (KOHA)
Fuente del sistema de clasificación o colocación Clasificación decimal universal
Holdings
Estatus retirado Estado de pérdida Estado de daño No para préstamo Colección Biblioteca de origen Biblioteca actual Ubicación en estantería Fecha de adquisición Fuente de adquisición Total de préstamos Signatura topográfica completa Código de barras Visto por última vez Precio de reemplazo Tipo de ítem Koha
        Colección digital Biblioteca del Ateneo de Madrid Biblioteca del Ateneo de Madrid Depósito 2 17/01/2008     G-4938 1136800 23/02/2023 23/02/2023 Libro impreso